00545nam a22002177a 450000500170000001000110001702000100002803500110003803700160004904000120006508200130007710000220009024500630011224600060017526000470018127000140022830000250024250000200026765000210028765000190030820170124110159.0 a560321 c00.00 a560321 bCen Lib/Ret aDPLbEN a137bBER aBernard Harold W. aToward better personal adjustment /cby Harold W. Bernard  b  bMcGraw-Hill Book Company aNew York c1951 bNew York  avii, 439p.c21cm(Hb) aIncludes index  aPhysical health  aMental haelth